[Event "Berliner Sommer"]
[Site "Berlin"]
[Date "1996.??.??"]
[Round "4"]
[White "Sergeev, Vladimir"]
[Black "Vogel, Robert"]
[Result "1-0"]
[WhiteElo "2435"]
[BlackElo "2305"]

1.Nf3 Nf6 2.g3 g6 3.Bg2 Bg7 4.c4 O-O 5.Nc3 d5 6.cxd5 Nxd5 7.O-O Nc6 8.Ng5 e6
9.d3 Nxc3 10.bxc3 Bxc3 11.Rb1 Bg7 12.Ne4 a5 13.Bg5 f6 14.Bd2 Ra7 15.Nc5 f5
16.Bxc6 bxc6 17.Qb3 Qd5 18.Qb8 Qxc5 19.Be3 Bd4 20.Bxd4 Qxd4 21.e3 Qxd3 22.Qxa7 Ba6
23.Rbd1 Qb5 24.Rb1 Qd3 25.Rfd1 Qe2 26.Re1 Qc4 27.Rec1 Qe2 28.Rxc6 Re8 29.Qxa6  1-0

[Event "Berliner Sommer"]
[Site "Berlin"]
[Date "1996.??.??"]
[Round "8"]
[White "Krogius, Nikolai V"]
[Black "Pribyl, Martin"]
[Result "1-0"]
[WhiteElo "2470"]
[BlackElo "2320"]

1.Nf3 Nf6 2.c4 g6 3.g3 Bg7 4.Bg2 O-O 5.O-O d5 6.cxd5 Nxd5 7.d4 Nb6 8.Nc3 Nc6
9.e3 e5 10.d5 Na5 11.e4 c6 12.Bg5 f6 13.Be3 cxd5 14.exd5 Nac4 15.Bc5 Rf7
16.Nd2 Bf5 17.Nxc4 Nxc4 18.Qe2 Nd6 19.g4 Bc8 20.Rfd1 Bf8 21.h3 Bd7 22.Rac1 Rc8
23.Bxd6 Bxd6 24.Ne4 Bf8 25.Rxc8 Qxc8 26.d6 Bh6 27.Nc3 Kh8 28.Nd5 Qc5 29.Ne7 Bf4
30.Qe4 Bg3 31.Qf3 Bh4 32.Qxb7 Bxf2+ 33.Kh1 Be6 34.Qa8+ Kg7 35.d7 Bxd7 36.Qg8+ Kh6
37.Qxf7 Kg5 38.Ng8  1-0

[Event "Biel op MTO"]
[Site "Biel"]
[Date "1996.??.??"]
[Round "11"]
[White "Pitam, Ela"]
[Black "Arbakov, Valentin"]
[Result "0-1"]
[WhiteElo "2255"]
[BlackElo "2510"]

1.Nf3 Nf6 2.c4 g6 3.g3 Bg7 4.Bg2 O-O 5.O-O d6 6.Nc3 e5 7.d3 Nbd7 8.Rb1 Nh5
9.b4 h6 10.Bb2 f5 11.Nd2 Nhf6 12.b5 g5 13.Nd5 Nxd5 14.cxd5 Nf6 15.a4 Bd7
16.Qb3 Rf7 17.Rbc1 h5 18.a5 b6 19.Rc4 Bh6 20.Rfc1 g4 21.e3 Rc8 22.R1c2 h4
23.e4 f4 24.d4 fxg3 25.fxg3 Nh5 26.dxe5 dxe5 27.Bxe5 Qg5 28.Bd4 h3 29.Bf1 Rcf8
30.Be2 Bg7 31.Be3 Qe5 32.Bd4 Qxd4+ 33.Rxd4 Bxd4+ 34.Kh1 Rf2 35.Qd3 Bxb5 36.Qxd4 Rxe2
37.Rc1 Rff2 38.Nf1 Rxh2+  0-1

[Event "SLO-chT"]
[Site "Bled"]
[Date "1996.??.??"]
[Round "6"]
[White "Osmanbegovic, Suad"]
[Black "Bohak, Janko"]
[Result "1-0"]
[WhiteElo "2360"]
[BlackElo "2235"]

1.g3 g6 2.Bg2 Bg7 3.Nf3 Nf6 4.c4 O-O 5.Nc3 c5 6.d4 d6 7.O-O Nc6 8.d5 Na5
9.Nd2 e5 10.a3 b6 11.b4 Nb7 12.Bb2 Ng4 13.h3 Nh6 14.e3 Bd7 15.b5 Qe7 16.Qc2 Rae8
17.Rae1 Na5 18.Nd1 f5 19.Bc3 Nb7 20.f4 e4 21.Nf2 Bxc3 22.Qxc3 Na5 23.Rb1 Qg7
24.Rfc1 Nf7 25.a4 Nd8 26.g4 h5 27.Qxg7+ Kxg7 28.gxh5 gxh5 29.h4 Nf7 30.Bh3 Bc8
31.Nb3 Nxb3 32.Rxb3 Kf6 33.Kh2 Nh6 34.a5 Bb7 35.Ra3 Ra8 36.axb6 axb6 37.Rca1 Rxa3
38.Rxa3 Ra8 39.Rxa8 Bxa8 40.Nd1 Ke7 41.Nc3 Kd8 42.Ne2 Bb7 43.Ng3 Bc8 44.Nxh5 Bd7
45.Ng3 Ke7 46.Ne2 Be8 47.Nc3 Bh5 48.Kg3 Kd8 49.Kf2 Kc7 50.Ke1 Kd8 51.Kd2 Kc7
52.Bf1 Kd8 53.Na4 Kc7 54.Be2 Bg6 55.h5 Bh7 56.Ke1 Kb7 57.Kf2 Kc7 58.Kg3 Kb7
59.Kh3 Kc7 60.Bd1 Kb7 61.Kh4 Nf7 62.h6 Nxh6 63.Kg5 Nf7+ 64.Kf6 Nh6 65.Nc3 Ng4+
66.Bxg4 fxg4 67.Ne2 Kc7 68.Ke7  1-0

[Event "POL-ch (Women)"]
[Site "Brzeg Dolny"]
[Date "1996.??.??"]
[Round "9"]
[White "Kaczorowska, Barbara"]
[Black "Blimke, Dalia"]
[Result "1/2-1/2"]
[WhiteElo "2200"]
[BlackElo "2150"]

1.Nf3 Nf6 2.g3 g6 3.Bg2 Bg7 4.c4 O-O 5.O-O d6 6.Nc3 e5 7.d3 Nc6 8.Rb1 a5
9.a3 Bd7 10.Bg5 h6 11.Bd2 Qc8 12.Nb5 Ne8 13.e4 Bh3 14.Be3 Bxg2 15.Kxg2 Qd7
16.Nh4 Kh7 17.Nc3 Nf6 18.h3 Ng8 19.Nd5 Nge7 20.b4 axb4 21.axb4 Nxd5 22.cxd5 Ne7
23.Qb3 g5 24.Nf3 f5 25.Ra1 Rxa1 26.Rxa1 g4 27.hxg4 f4 28.Bd2 Qxg4 29.Qd1 Ng6
30.Rc1 Kg8 31.Ng1 f3+ 32.Kf1 Qh5 33.Be3 Qh1 34.Qc2 Rf7 35.Qa4 Qg2+ 36.Ke1 Qxg1+
37.Kd2 Qh2 38.Qa8+ Bf8 39.Qd8 c6 40.dxc6 bxc6 41.Rxc6 Qh3 42.b5 Qd7 43.Qxd7 Rxd7
44.b6 Ne7 45.Rc7 Rxc7 46.bxc7 Kf7 47.Bb6 Nc8 48.Ba5 h5 49.Ke3 Bh6+ 50.Kxf3 Kg6
51.Kg2 Bg5 52.Bc3 Bf6 53.Kh3 Kf7 54.g4 hxg4+ 55.Kxg4 Ke6 56.Ba5 Bg7 57.Kg5 Bf6+
58.Kg4 Be7 59.Bc3 Kd7 60.Kf5 Bh4 61.d4 exd4 62.Bxd4 Ne7+ 63.Kg4 Bxf2 64.Bxf2 Kxc7  1/2-1/2

[Event "Budapest FS04 GM"]
[Site "Budapest"]
[Date "1996.??.??"]
[Round "2"]
[White "Vadasz, Laszlo"]
[Black "Stocek, Jiri"]
[Result "1/2-1/2"]
[WhiteElo "2375"]
[BlackElo "2465"]

1.Nf3 Nf6 2.c4 g6 3.g3 Bg7 4.Bg2 O-O 5.O-O Nc6 6.d4 d6 7.Nc3 Re8 8.h3 Rb8
9.e4 e5 10.d5 Nd4 11.Be3 c5 12.dxc6 Nxf3+ 13.Qxf3 bxc6 14.Qe2 Ba6 15.Rfd1 Qc7
16.Rac1 Red8 17.b3 Nd7 18.Qb2 Bf8 19.Qa3 Qb7  1/2-1/2

[Event "Budapest FS07 GM"]
[Site "Budapest"]
[Date "1996.??.??"]
[Round "5"]
[White "Zifroni, Dov"]
[Black "Ribshtein, Nati"]
[Result "1-0"]
[WhiteElo "2490"]
[BlackElo "2270"]

1.Nf3 Nf6 2.c4 g6 3.g3 Bg7 4.Bg2 O-O 5.O-O d6 6.Nc3 c6 7.d3 d5 8.Qc2 Na6
9.a3 dxc4 10.dxc4 Nc5 11.Rd1 Qb6 12.Be3 Ng4 13.Bxc5 Qxc5 14.Ne4 Qb6 15.h3 Qxb2
16.Qxb2 Bxb2 17.hxg4 Bxa1 18.Rxa1 Bxg4 19.Ne5 Bc8 20.Nc5 f6 21.Ned3 e5 22.Rb1 Rf7
23.a4 Rc7 24.a5 Kf7 25.f4 exf4 26.gxf4 Ke7 27.Kf2 h5 28.Be4 g5 29.Rg1 Bg4
30.f5 Kd6 31.Rb1 Re8 32.Ne6 Rd7 33.Ndc5 Rde7 34.Ke3 b6 35.Rd1+ Ke5 36.Nd3+ Kd6
37.Ndf4+  1-0

[Event "Budapest FS07 GM"]
[Site "Budapest"]
[Date "1996.??.??"]
[Round "5"]
[White "Csom, Istvan"]
[Black "Kahn, Evarth"]
[Result "1/2-1/2"]
[WhiteElo "2460"]
[BlackElo "2380"]

1.c4 Nf6 2.Nf3 g6 3.g3 Bg7 4.Bg2 O-O 5.d4 c6 6.O-O d6 7.Nc3 Qa5 8.h3 Be6
9.Nd2 d5 10.Nb3 Qd8 11.cxd5 cxd5 12.Nc5 Bc8 13.Bg5 Nc6 14.e3 e6 15.Qa4 Qa5
16.Rfc1 Qxa4 17.N5xa4 Na5 18.b3 b6 19.Bf1 Bb7 20.Rc2 Rfc8 21.Rac1 Ne8 22.Be7 Bf8
23.Bxf8 Kxf8 24.Nb5 Nc6 25.Be2 Ke7 26.Kf1 Nd6 27.Nxd6 Kxd6 28.Ke1 Nb4 29.Rxc8 Rxc8
30.Rxc8 Bxc8 31.Nc3 Nc6 32.Kd2 a6  1/2-1/2

[Event "Budapest FS05 GM"]
[Site "Budapest"]
[Date "1996.??.??"]
[Round "5"]
[White "Fancsy, Imre"]
[Black "Loskutov, Oleg"]
[Result "1/2-1/2"]
[WhiteElo "2365"]
[BlackElo "2440"]

1.Nf3 Nf6 2.c4 g6 3.g3 Bg7 4.Bg2 O-O 5.d4 d6 6.Nc3 c5 7.O-O Nc6 8.dxc5 dxc5
9.Be3 Be6 10.Qa4 Nd4 11.Rac1 Nd7 12.b3 a6 13.Ng5 Qc8 14.Bxd4 cxd4 15.Nxe6 Nb6
16.Qb4 Qxe6 17.Ne4 Rab8 18.Nc5 Qd6 19.a3 Nc8 20.Bxb7 d3 21.Rfd1 Bd4 22.Nxd3 Qxb4
23.Nxb4 Bb2 24.Rb1 Bxa3 25.Nc2 Rxb7 26.Nxa3 Nd6 27.b4 Rfb8 28.c5 Nb5 29.Nxb5 Rxb5
30.Rd7 Rxb4 31.Rxb4 Rxb4 32.c6 Rc4 33.c7 Kg7 34.Rxe7 Kf6  1/2-1/2

[Event "Budapest FS10 IM"]
[Site "Budapest"]
[Date "1996.??.??"]
[Round "6"]
[White "Vadasz, Laszlo"]
[Black "Dudas, Jan"]
[Result "1/2-1/2"]
[WhiteElo "2380"]
[BlackElo "2395"]

1.Nf3 Nf6 2.c4 g6 3.g3 Bg7 4.Bg2 O-O 5.O-O c6 6.d4 d5 7.cxd5 cxd5 8.Ne5 e6
9.Nc3 Nfd7 10.Nf3 Nc6 11.Be3 a6 12.Qd2 b5 13.Bh6 Bb7 14.Bxg7 Kxg7 15.e3 Qa5
16.Rfc1 Rfc8 17.Ne1 b4 18.Ne2 Qb6 19.Nd3 a5 20.Nc5 Nxc5 21.Rxc5 Nd8 22.Rac1 Rxc5
23.Rxc5 Rc8 24.Rxc8 Bxc8 25.Nf4 Ba6 26.Bf1 Nb7 27.Bxa6 Qxa6 28.Qc2 Nd6 29.Qc7 Nc4
30.h4 h5 31.b3 Nd2 32.Qc1 Ne4 33.Qc7 Nd2  1/2-1/2

[Event "Budapest FS05 GM"]
[Site "Budapest"]
[Date "1996.??.??"]
[Round "11"]
[White "Vadasz, Laszlo"]
[Black "Loskutov, Oleg"]
[Result "1/2-1/2"]
[WhiteElo "2375"]
[BlackElo "2440"]

1.Nf3 Nf6 2.c4 g6 3.g3 Bg7 4.Bg2 O-O 5.O-O c5 6.Nc3 Nc6 7.d4 d6 8.dxc5 dxc5
9.Be3 Be6 10.Bxc5 Qa5 11.Ba3 Bxc4 12.Nd4 Nxd4 13.Qxd4  1/2-1/2

[Event "Budapest FS05 GM"]
[Site "Budapest"]
[Date "1996.??.??"]
[Round "12"]
[White "Fancsy, Imre"]
[Black "Poldauf, Dirk"]
[Result "0-1"]
[WhiteElo "2365"]
[BlackElo "2430"]

1.Nf3 Nf6 2.c4 g6 3.g3 Bg7 4.Bg2 O-O 5.d4 d6 6.Nc3 Nbd7 7.O-O e5 8.e4 exd4
9.Nxd4 Re8 10.h3 Nc5 11.Re1 a5 12.Qc2 a4 13.Be3 c6 14.Rab1 Bd7 15.Rbd1 Qe7
16.Bf4 Bf8 17.b4 axb3 18.axb3 Nh5 19.Be3 h6 20.Kh2 Bg7 21.b4 Ne6 22.Nb3 Ng5
23.Bd4 Be5 24.Re2 Be6 25.Bxe5 dxe5 26.Nc5 Bxc4 27.Rd7 Qf6 28.Re3 b6 29.h4 bxc5
30.hxg5 Qxg5 31.bxc5 Nf6 32.Bh3 Nxd7 33.Bxd7 Red8 34.Bxc6 Ra1 35.Nb1 Ra2
36.Qxc4 Rxf2+ 37.Kg1 Qxe3  0-1

[Event "JUG-chT"]
[Site "Budva"]
[Date "1996.??.??"]
[Round "1"]
[White "Aleksic, Nenad2"]
[Black "Pavlovic, Milos"]
[Result "0-1"]
[WhiteElo "2330"]
[BlackElo "2490"]

1.Nf3 Nf6 2.c4 g6 3.g3 Bg7 4.Bg2 O-O 5.O-O d6 6.Nc3 Nc6 7.d4 a6 8.h3 Rb8
9.Bg5 b5 10.cxb5 axb5 11.Rc1 Na5 12.b3 c6 13.Ne1 b4 14.Nb1 Ba6 15.Nd3 Qb6
16.Qd2 Rfe8 17.Rfd1 Nd7 18.Ne1 Qb5 19.Bh6 Qxe2 20.Bxg7 Kxg7 21.Bxc6 Nxc6
22.Rxc6 Qf1+ 23.Kh2 Be2 24.Rdc1 Qxf2+ 25.Ng2 Qf3 26.Rc7 Nf6 27.Re1 Nd5 28.Ra7 Bb5
29.Ne3 Nxe3 30.Rxe3 Qf5 31.Qe1 Rbc8 32.Raxe7 Rxe7 33.Rxe7 Rc2+  0-1

[Event "JUG-chT"]
[Site "Budva"]
[Date "1996.??.??"]
[Round "4"]
[White "Paunovic, Dragan"]
[Black "Vukic, Milan"]
[Result "1/2-1/2"]
[WhiteElo "2480"]
[BlackElo "2460"]

1.Nf3 Nf6 2.c4 g6 3.g3 Bg7 4.Bg2 O-O 5.d4 d6 6.O-O Nbd7 7.Qc2 e5 8.Rd1 Qe7
9.Nc3 c6 10.e4 Nb6 11.b3 Bg4 12.dxe5 dxe5 13.a4 Bxf3 14.Bxf3 Rfd8 15.Ba3 Qc7
16.a5 Rxd1+ 17.Rxd1 Nbd7 18.b4 Nf8 19.Bc1 Ne6 20.Be3 Qe7 21.c5 a6  1/2-1/2

[Event "Bissell op"]
[Site "Buenos Aires"]
[Date "1996.??.??"]
[Round "4"]
[White "Garcia, Raimundo"]
[Black "Madina, Martin"]
[Result "0-1"]
[WhiteElo "2390"]
[BlackElo "2160"]

1.Nf3 Nf6 2.c4 g6 3.g3 Bg7 4.Bg2 O-O 5.O-O d6 6.d4 Nc6 7.Nc3 e5 8.dxe5 dxe5
9.Bg5 Qxd1 10.Raxd1 h6 11.Be3 Kh7 12.Bc5 Rg8 13.Nd5 Nxd5 14.cxd5 Nd8 15.e4 Bd7
16.h4 Re8 17.h5 g5 18.Nh2 b6 19.Ba3 c5 20.dxc6 Bxc6 21.Rc1 Bb5 22.Rfe1 Ne6
23.Bf1 Bxf1 24.Kxf1 Rac8 25.Ng4 Nd4 26.Bd6 Nf3 27.Rxc8 Rxc8 28.Rd1 Rc2 29.Kg2 Nd2
30.Bxe5 Bxe5 31.Nxe5 Nxe4 32.Rd7 Rxf2+ 33.Kg1 Kg7 34.Rxa7 Rf5 35.Nd7 Nxg3
36.Nxb6 Ne2+ 37.Kg2 Nf4+ 38.Kg1 Nxh5 39.Nc4 Rf4 40.Ne5 Ng3 41.a4 Ne2+ 42.Kg2 Rf5
43.Nd3 h5 44.Re7 Nf4+ 45.Nxf4 Rxf4 46.b3 Rb4 47.Re5 Kf6 48.Re3 g4 49.Rc3 Kg5
50.a5 Rb5 51.b4 Rxb4 52.Ra3 Rb2+ 53.Kg1 Rb7 54.a6 Ra7 55.Kg2 h4 56.Ra4 f6
57.Kf2 f5 58.Kg2 Kf6 59.Ra5 Ke6 60.Kh2 Kd7 61.Kg2 Kc7 62.Rxf5 Rxa6 63.Rh5 Ra2+
64.Kh1 h3 65.Rg5 Ra4 66.Kh2 Kd6 67.Kg3 Ke7 68.Rg6 Kf7 69.Rh6 Kg7 70.Rh5 Rc4
71.Rh4  0-1

[Event "Cacak"]
[Site "Cacak"]
[Date "1996.??.??"]
[Round "3"]
[White "Paunovic, Dragan"]
[Black "Strikovic, Aleksa"]
[Result "0-1"]
[WhiteElo "2495"]
[BlackElo "2550"]

1.Nf3 Nf6 2.g3 g6 3.c4 Bg7 4.Bg2 O-O 5.d4 d6 6.O-O Nbd7 7.Qc2 e5 8.Rd1 Re8
9.e4 c6 10.Nc3 h6 11.b3 Qe7 12.d5 a5 13.Ba3 Nc5 14.Bxc5 dxc5 15.Na4 Nd7 16.Ne1 Bf8
17.dxc6 bxc6 18.Nd3 f5 19.Re1 Qf6 20.Qc3 Ra7 21.Rad1 h5 22.f4 h4 23.exf5 hxg3
24.hxg3 Qxf5 25.Bxc6 e4 26.Bd5+ Kh7 27.Kg2 Nf6 28.Rh1+ Kg7 29.Ne5 Bd6 30.Nb6 Be6
31.Bxe6 Rxe6 32.Nc8 Bxe5 33.fxe5 Rf7 34.Nd6 Rxd6 35.exd6 e3 36.Qxe3 Ng4 37.Qc3+ Rf6
38.Rhf1 Qe4+ 39.Rf3 Qe2+ 40.Kg1 Qxd1+ 41.Kg2 Qe2+  0-1

[Event "Calcutta op"]
[Site "Calcutta"]
[Date "1996.??.??"]
[Round "8"]
[White "Annageldiev, Orazly"]
[Black "Kunte, Abhijit"]
[Result "1-0"]
[WhiteElo "2485"]
[BlackElo "2345"]

1.Nf3 Nf6 2.c4 g6 3.g3 Bg7 4.Bg2 O-O 5.O-O c5 6.d4 cxd4 7.Nxd4 Nc6 8.Nc3 Qa5
9.e3 Nxd4 10.exd4 d6 11.Re1 Re8 12.h3 a6 13.Be3 Qc7 14.Rc1 Bd7 15.Bg5 Bc6
16.d5 Bd7 17.Bf1 e5 18.b4 Nh5 19.c5 f5 20.c6 Bc8 21.cxb7 Qxb7 22.b5 h6 23.bxa6 Qf7
24.Bd2 Bxa6 25.Bxa6 Rxa6 26.Nb5 Rxa2 27.Bb4 Rb8 28.Nxd6 Qd7 29.Bc5 Bf8 30.Rxe5 Ng7
31.Nxf5 Nxf5 32.d6 Bxd6 33.Qd5+ Qf7 34.Rxf5 gxf5 35.Qxd6 Rab2 36.Qxh6 Rb1
37.Kh2 Rxc1 38.Qxc1 Kh7 39.Qf4 Rb1 40.Bd4 Qd7 41.Qh4+ Kg8 42.Qf6 Re1 43.Qg6+  1-0

[Event "Cannes op"]
[Site "Cannes"]
[Date "1996.??.??"]
[Round "2"]
[White "Bricard, Emmanuel"]
[Black "Dorfman, Josif D"]
[Result "0-1"]
[WhiteElo "2470"]
[BlackElo "2580"]

1.c4 Nf6 2.Nf3 g6 3.g3 Bg7 4.Bg2 O-O 5.O-O c6 6.d3 d5 7.Qc2 Re8 8.Bf4 Bg4
9.Nc3 dxc4 10.dxc4 Nbd7 11.Rad1 Qa5 12.h3 Bxf3 13.exf3 b5 14.cxb5 cxb5 15.Qb3 a6
16.Be3 Rac8 17.a3 Ne5 18.Bd4 Nc4 19.Rfe1 e5 20.Be3 Nxb2 21.Qxb2 Qxc3 22.Qa2 h6
23.Bd2 Qc7 24.Rc1 Qd7 25.Rxc8 Qxc8 26.Ba5 h5 27.h4 Qd7 28.Qe2 Qd4 29.Qc2 Bf8
30.Qc6 Re6 31.Qa8 Qa4 32.Qd8 Rd6 33.Qc7 Nd5  0-1

[Event "Cannes op"]
[Site "Cannes"]
[Date "1996.??.??"]
[Round "2"]
[White "Todorcevic, Miodrag"]
[Black "Novak, Danijel"]
[Result "1-0"]
[WhiteElo "2450"]
[BlackElo "2315"]

1.c4 Nf6 2.g3 g6 3.Bg2 Bg7 4.Nf3 O-O 5.d4 d6 6.O-O Nbd7 7.d5 e5 8.dxe6 fxe6
9.Nc3 Nb6 10.Qb3 Kh8 11.a4 a5 12.Be3 Nbd7 13.Nb5 Ng4 14.Bg5 Rxf3 15.exf3 Qxg5
16.fxg4 Nc5 17.Qc2 Qe7 18.Rad1 e5 19.h3 Be6 20.b3 Rd8 21.Nc3 c6 22.Rfe1 Qf7
23.Re2 Qc7 24.Ne4 Nxe4 25.Bxe4 Qb6 26.Red2 Qc5 27.Bxg6 hxg6 28.Qxg6 Bg8 29.Rxd6 Rf8
30.R1d2 Bh7 31.Qe6 e4 32.Rd8 Bc3 33.Rxf8+ Qxf8 34.Rd7 c5 35.Qd5 Bf6 36.Rf7 Qh6
37.g5 Qxg5 38.Rf8+ Bg8 39.Qxe4 Qg7 40.Rb8 Bd4 41.Qh4+ Qh7 42.Qxh7+ Kxh7 43.Rxb7+ Kg6
44.Rb5 Bc3 45.Rxc5 Kf6 46.Kg2 Bh7 47.g4 Bc2 48.h4 Bb4 49.g5+ Kg6 50.Rc6+ Kg7
51.Kg3 Bxb3 52.h5 Bxa4 53.h6+ Kg8 54.Rc8+ Kh7 55.Rc7+ Kh8 56.f4 Bc2 57.Kg4 a4
58.Kh5 Bd1+ 59.Kg6  1-0

[Event "Cannes op"]
[Site "Cannes"]
[Date "1996.??.??"]
[Round "3"]
[White "Zichichi, Alvise"]
[Black "Berthelot, Yannick"]
[Result "1-0"]
[WhiteElo "2340"]
[BlackElo "2280"]

1.Nf3 Nf6 2.g3 g6 3.Bg2 Bg7 4.c4 O-O 5.O-O d6 6.Nc3 e5 7.d3 Nc6 8.Ne1 Be6
9.Bg5 Qd7 10.Rb1 a5 11.a3 Bh3 12.Nc2 Bxg2 13.Kxg2 Nh5 14.Be3 f5 15.f3 Nd4
16.b4 axb4 17.axb4 c6 18.Bf2 Ra7 19.e3 Nxf3 20.Qxf3 e4 21.Nxe4 fxe4 22.Qxe4 Nf6
23.Qf3 Ra2 24.Qe2 Ng4 25.Bg1 Rxf1 26.Rxf1 Qe6 27.h3 Nh6 28.g4 Bc3 29.Rf2 Nf7
30.Qf3 Kg7  1-0

[Event "Cannes op"]
[Site "Cannes"]
[Date "1996.??.??"]
[Round "6"]
[White "Barlov, Dragan"]
[Black "David, Vincent"]
[Result "1-0"]
[WhiteElo "2460"]
[BlackElo "2285"]

1.Nf3 Nf6 2.c4 g6 3.g3 Bg7 4.Bg2 O-O 5.O-O d6 6.d4 Nbd7 7.Nc3 e5 8.h3 Re8
9.e4 a5 10.Be3 exd4 11.Nxd4 Nc5 12.Qc2 c6 13.Rad1 Nfd7 14.Nb3 Qe7 15.Nxc5 Nxc5
16.Bd4 a4 17.Bxg7 Kxg7 18.Rd4 f5 19.Qd2 Be6 20.exf5 gxf5 21.Rd1 Rad8 22.Qc2 a3
23.b3 Bc8 24.Qc1 Qe5 25.Nb1 Ne6 26.Rh4 Qf6 27.Nxa3 f4 28.Nc2 Rf8 29.Qd2 f3
30.Bf1 d5 31.Ne3 d4 32.Ng4 Qg5 33.Bd3 h6 34.Qxg5+ Nxg5 35.Rxh6 Nxh3+ 36.Rxh3 Bxg4
37.Rh4 Be6 38.Rh7+ Kf6 39.Rh6+ Kf7 40.Re1 Bc8 41.c5 Rh8 42.Rxh8 Rxh8 43.Re4 Kg7
44.Rxd4 Rh5 45.Be4  1-0

[Event "Celle Ligure op"]
[Site "Celle Ligure"]
[Date "1996.??.??"]
[Round "2"]
[White "Collareta, Giovanni"]
[Black "Wurm, Christoph"]
[Result "1-0"]
[WhiteElo "2250"]
[BlackElo "2035"]

1.c4 g6 2.g3 Nf6 3.Nf3 Bg7 4.Bg2 O-O 5.O-O Nc6 6.d4 d6 7.Nc3 a6 8.h3 Rb8
9.Be3 Bd7 10.Rc1 b5 11.Nd2 e5 12.dxe5 Nxe5 13.cxb5 axb5 14.b3 Qc8 15.Kh2 Bc6
16.Nde4 Nxe4 17.Nxe4 Qb7 18.Qc2 Bxe4 19.Bxe4 d5 20.Bg2 Rfc8 21.Qd2 c6 22.Rc2 Ra8
23.Rfc1 Nd7 24.Bd4 f5 25.Bxg7 Kxg7 26.Qd4+ Nf6 27.Kg1 Kf7 28.g4 Ra6 29.g5 Ne4
30.Bxe4 fxe4 31.Qf6+ Kg8 32.Qe6+ Kh8 33.Qxd5 cxd5 34.Rxc8+ Qxc8 35.Rxc8+ Kg7
36.Rc7+ Kg8 37.Rd7 Rxa2 38.Rxd5 Rxe2 39.Rxb5 e3 40.fxe3 Rxe3 41.Kg2 Kf7 42.Rb6 Re5
43.h4 Re3 44.b4 Rb3 45.b5 Kg7 46.Rb7+ Kg8 47.b6 Rb4 48.Kf3 Rxh4 49.Rc7 Rh3+
50.Kg4 Rb3 51.b7 Rb4+ 52.Kf3 Rb3+ 53.Ke2 Rb2+ 54.Kd3  1-0

[Event "Celle Ligure op"]
[Site "Celle Ligure"]
[Date "1996.??.??"]
[Round "6"]
[White "Egartner, Wolfgang"]
[Black "Wurm, Christoph"]
[Result "1/2-1/2"]
[WhiteElo "2195"]
[BlackElo "2035"]

1.c4 Nf6 2.Nf3 g6 3.g3 Bg7 4.Bg2 O-O 5.O-O d6 6.d4 Nc6 7.Nc3 a6 8.h3 Rb8
9.Be3 Bd7 10.Rc1 b5 11.Nd2 e5 12.dxe5 Nxe5 13.c5 a5 14.b3 Re8  1/2-1/2

[Event "Cetinje"]
[Site "Cetinje"]
[Date "1996.??.??"]
[Round "?"]
[White "Kirov, Nino"]
[Black "Popovic, Mladen"]
[Result "1/2-1/2"]
[WhiteElo "2435"]
[BlackElo "2305"]

1.Nf3 Nf6 2.g3 g6 3.Bg2 Bg7 4.c4 O-O 5.Nc3 d6 6.d4 Nbd7 7.O-O e5 8.e4 a6
9.h3 exd4 10.Nxd4 Ne5 11.b3 c5  1/2-1/2

[Event "Capablanca mem-D"]
[Site "Cienfuegos"]
[Date "1996.??.??"]
[Round "12"]
[White "Ramon, Vivian"]
[Black "Andonovski, Ljubisa"]
[Result "1/2-1/2"]
[WhiteElo "2220"]
[BlackElo "2260"]

1.Nf3 Nf6 2.g3 g6 3.Bg2 Bg7 4.c4 O-O 5.O-O d6 6.Nc3 e5 7.d4 Nbd7 8.Qc2 Re8
9.Rd1 c6 10.Rb1 a5 11.a3 e4 12.Ng5 d5 13.cxd5 cxd5 14.Nb5 Ra6 15.Nh3 Rc6
16.Qb3 Nb6 17.Na7 Rc4 18.Nxc8 Rxc8 19.Qb5 Nc4 20.Bg5 Qd7 21.Qxd7 Nxd7 22.Bc1 Nf6
23.b3 Nd6 24.a4 Rc2 25.e3 Bf8 26.Bd2 b6 27.Bf1 Rec8 28.b4 Nc4 29.Bxc4 dxc4
30.bxa5 c3 31.Bxc3 R2xc3 32.axb6 Ra3 33.Ra1 Nd7 34.b7 Rc4 35.Rxa3 Bxa3 36.Ng5 f5  1/2-1/2

[Event "Politiken Cup"]
[Site "Copenhagen"]
[Date "1996.??.??"]
[Round "7"]
[White "Salo, Tapio"]
[Black "Holst, Conny"]
[Result "1-0"]
[WhiteElo "2310"]
[BlackElo "2205"]

1.Nf3 Nf6 2.c4 g6 3.g3 Bg7 4.Bg2 O-O 5.O-O d6 6.d4 Nc6 7.Nc3 a6 8.d5 Na5
9.Nd2 c5 10.Qc2 Rb8 11.b3 b5 12.Bb2 Bh6 13.f4 bxc4 14.bxc4 e5 15.dxe6 Bxe6
16.Nd5 Bg7 17.Bc3 Bxd5 18.cxd5 Nd7 19.Bxg7 Kxg7 20.Qc3+ Kg8 21.Rab1 Qc7 22.Ne4 Rxb1
23.Rxb1 Re8 24.Bf3 h6 25.Kg2 Kh7 26.g4 Re7 27.g5 hxg5 28.Nxg5+ Kg8 29.h4 c4
30.h5 gxh5 31.Rh1 Nb7 32.Rxh5 f6 33.Ne6 Qa5 34.Qc2 Nf8 35.Nxf8 Rg7+ 36.Ng6 Kf7
37.f5 Nc5 38.Rh8  1-0

[Event "Politiken Cup"]
[Site "Copenhagen"]
[Date "1996.??.??"]
[Round "9"]
[White "Hutters, Tomas"]
[Black "Borbjerggaard, Lars"]
[Result "1/2-1/2"]
[WhiteElo "2435"]
[BlackElo "2185"]

1.Nf3 Nf6 2.c4 g6 3.g3 Bg7 4.Bg2 O-O 5.d4 d6 6.O-O Nc6 7.Nc3 a6 8.h3 Rb8
9.Bg5 b5 10.cxb5 axb5 11.d5 b4 12.Bxf6 exf6 13.dxc6 bxc3 14.b3 f5 15.Rc1 Rb6
16.Nd4 f4 17.gxf4 Qh4 18.Rxc3 Rb4 19.e3 Bxh3  1/2-1/2

[Event "CZE-chT 9596"]
[Site "?"]
[Date "1996.??.??"]
[Round "1"]
[White "Pribyl, Josef"]
[Black "Tatarko, Jan"]
[Result "1-0"]
[WhiteElo "2405"]
[BlackElo "2315"]

1.c4 Nf6 2.Nf3 g6 3.g3 Bg7 4.Bg2 O-O 5.O-O d6 6.Nc3 c5 7.a3 Nc6 8.Rb1 Bd7
9.b4 b6 10.d3 Qc8 11.Bg5 Re8 12.Qd2 Rb8 13.Bh6 Bh8 14.Nd5 Bh3 15.Nxf6+ Bxf6
16.b5 Nd4 17.Nxd4 Bxd4 18.a4 Qg4 19.e3 Bf6 20.e4 e6 21.f3 Qh5 22.g4 Qh4 23.Bf4 Rbd8
24.Bg3 Bd4+ 25.Rf2 Qf6 26.g5 Qe7 27.Bxh3 d5 28.Bf4 Bxf2+ 29.Qxf2 dxc4 30.dxc4 Rd4
31.Bf1 e5 32.Be3 Rd6 33.a5 Red8 34.Be2 Qd7 35.Kg2 f5 36.gxf6 Rf8 37.Bg5 Kf7
38.h4 Rh8 39.Qg3 h6 40.Be3 Kxf6 41.f4 exf4 42.Bxf4 Re6 43.Bg4 Qd4 44.e5+ Kg7
45.Bxe6 Qe4+ 46.Qf3  1-0

[Event "CZE-chT 9596"]
[Site "?"]
[Date "1996.??.??"]
[Round "3"]
[White "Znamenacek, Kvetoslav"]
[Black "Belaska, Premysl"]
[Result "1-0"]
[WhiteElo "2315"]
[BlackElo "2230"]

1.Nf3 Nf6 2.c4 g6 3.g3 Bg7 4.Bg2 O-O 5.O-O d6 6.Nc3 Nc6 7.d4 a6 8.Nd5 Rb8
9.b3 b5 10.Nxf6+ Bxf6 11.Bh6 Re8 12.Rc1 Bd7 13.Qd2 bxc4 14.Rxc4 e5 15.Rfc1 Nxd4
16.Nxd4 exd4 17.Rxc7 Rc8 18.Rxc8 Bxc8 19.Bd5 Bg4 20.Qf4 Be6 21.Bc6 Be5 22.Qf3 Bd7
23.Bxd7 Qxd7 24.Qc6 Qe6 25.Qxa6 Qh3 26.Qb5 Ra8 27.Qb7 Re8 28.Qc6 Rb8 29.Bd2 Kg7
30.Qd5 Rc8 31.Rxc8 Qxc8 32.Qc4 Qf5 33.Qd3 Qd7 34.a4 h5 35.h4 f5 36.f4 Bf6
37.a5 Qc6 38.b4 Qa4 39.b5 Bd8 40.b6 Qa1+ 41.Kg2 Qb2 42.Be1 Bf6 43.Kf1 Kf8
44.Qc4 Qb1 45.Qd5 Ke7 46.Qb7+ Ke6 47.Qc8+ Ke7 48.Qc7+ Ke6 49.Qc4+ Ke7 50.Qd3 Qb2
51.Qf3 Kd7 52.Qb7+ Ke6 53.Qc8+ Kd5 54.b7 d3 55.exd3  1-0

[Event "CZE-chT 9596"]
[Site "?"]
[Date "1996.??.??"]
[Round "5"]
[White "Smejkal, Jan"]
[Black "Babula, Vlastimil"]
[Result "1/2-1/2"]
[WhiteElo "2510"]
[BlackElo "2540"]

1.Nf3 Nf6 2.c4 g6 3.g3 Bg7 4.Bg2 O-O 5.O-O d6 6.Nc3 Nc6 7.d3 e5 8.Rb1 a5
9.a3 h6 10.b4 axb4 11.axb4 Be6 12.b5 Ne7 13.Bb2  1/2-1/2

[Event "CZE-chT 9596"]
[Site "?"]
[Date "1996.??.??"]
[Round "11"]
[White "Konopka, Michal"]
[Black "Tatarko, Jan"]
[Result "1-0"]
[WhiteElo "2405"]
[BlackElo "2315"]

1.Nf3 Nf6 2.c4 g6 3.g3 Bg7 4.Bg2 O-O 5.d4 d6 6.O-O c5 7.dxc5 dxc5 8.Nc3 Nc6
9.Be3 Be6 10.Qa4 Nd7 11.Rfd1 h6 12.Nd5 Qa5 13.Qb5 Kh7 14.Nf4 Bf5 15.Nh4 Qc7
16.Nd5 Qd8 17.Nxf5 gxf5 18.Bxc5 a6 19.Qxb7 Nxc5 20.Qxc6 Rc8 21.Nf6+ Bxf6
22.Rxd8 Rfxd8 23.Qf3 e6 24.Rb1 Ne4 25.Qh5 Kg7 26.Bxe4  1-0

[Event "Decin op"]
[Site "Decin"]
[Date "1996.??.??"]
[Round "2"]
[White "Konopka, Michal"]
[Black "Romanovich, Leonid"]
[Result "1-0"]
[WhiteElo "2405"]
[BlackElo "2320"]

1.Nf3 Nf6 2.c4 g6 3.g3 Bg7 4.Bg2 O-O 5.O-O d5 6.d4 dxc4 7.Na3 Na6 8.Nxc4 c5
9.dxc5 Be6 10.Nce5 Nxc5 11.Be3 Rc8 12.Rc1 Nfe4 13.Nd3 Nxd3 14.Rxc8 Qxc8 15.Qxd3 Qc4
16.Rc1 Qxd3 17.exd3 Nd6 18.b3 Bd5 19.Rc5 e6 20.Bf4 Rd8 21.Bxd6 Rxd6 22.Rc8+ Bf8
23.Ne5 Bxg2 24.Kxg2 b5 25.Rc7 Ra6 26.Nxf7 Rxa2 27.Ng5 Bd6 28.Rd7 Bb4 29.Nxe6 Bc3
30.d4 b4 31.Rg7+ Kh8 32.Rd7 Kg8 33.d5 a5 34.d6 Rd2 35.Rd8+ Kf7 36.Ng5+ Kg7
37.Ne4 Rd5 38.Ra8 Bd4 39.g4 h6 40.Kf3 Kf7 41.Ke2 Be5 42.Ra7+ Kg8 43.h3 Bxd6
44.Rd7 Re5 45.Kd3 Be7 46.f4 Kf8 47.Ra7 Rd5+ 48.Kc4 Rd1 49.Rxa5 Kf7 50.f5 gxf5
51.gxf5 Rf1 52.Ra7 Kf8 53.Ra8+ Kf7 54.Ra7 Kf8 55.Kd5 Rxf5+ 56.Ke6 Rf7 57.h4 Rf4
58.Ra8+ Kg7 59.Ng3 Rf3 60.Nf5+ Kg6 61.Nxe7+ Kh5 62.Nf5 Rxb3 63.Rh8 Rb1 64.Rxh6+ Kg4
65.Rg6+ Kf4 66.Rg8 b3 67.Rb8 b2 68.Kf6 Ke4 69.h5 Kd3 70.h6 Kc2 71.Nd4+ Kd3
72.Nf5 Kc2 73.Ne3+ Kc3 74.h7 Rh1 75.Nd1+ Kd4 76.Kg7 Rg1+ 77.Kh8 Rxd1 78.Rd8+ Kc3
79.Rxd1 Kc2 80.Rh1  1-0